| 000 | 00485nam a2200193Ia 4500 | ||
|---|---|---|---|
| 008 | 220531s9999 xx 000 0 und d | ||
| 041 | _aeng | ||
| 082 | _bFEM / JAM | ||
| 100 |
_aJampala, Jyothy _977766 |
||
| 245 | _aFeminism: A Philosophical Study | ||
| 250 | _a1ST | ||
| 260 |
_aNew Delhi _bSerials _c2014 |
||
| 300 | _a204 | ||
| 542 | _d16-03-2017 | ||
| 551 |
_aEnglish _bNon-grant-ENG |
||
| 650 |
_aEnglish _977767 |
||
| 906 |
_d2016-2017 _f10638 |
||
| 999 |
_c43127 _d43127 |
||